00966nam a22002417a 450000500170000001000130001702000210003003500130005103700160006404000120008008200180009211000450011024500770015526000360023227000780026830000230034650000190036965000480038865000520043694200270048899900190051595201900053420170124110252.0 aA-707048 c00.00a817154786 aA-707048 bCen Lib/Ret aDPLbEN a616.9803bEAR aBombay. World Health Organization999854 aEarly detection of occupational diseases /bby World Health Organisation aBombaybPopular Prakashanc1993 a35 C Tardeo Road , Popular Press Building, Opp. 'Roche' bBombaye400034 ax,272p. c21cm(Hb) aIncludes index aOccupational diseases -- Diagnosis. 999855 aMaladies professionnelles -- Diagnostic.999856 2ddccENh616.9803mEAR c135958d135958 04104070aLbLd2015-10-12eCen Lib/Retg0.00l0o616.9803 EARpA-707048r2015-10-12 00:00:00t1v0.00w2015-10-12yENzWritten off on approval by DLB (By Circulation); dtd 15-06-2023